00313nam a2200121Ia 4500008004100000041000800041082001800049100001500067245004500082260003400127300001900161365001100180240624s9999 xx 000 0 und d aeng a658.4012 KLU  aLEVIN ADAM aSWIPED HOW TO PROTECT YOURSELF IN A WORL c2015aNew YorkbPublicAffairs a272 p,: 23 cm. cRSb38